ARRUPE JESUIT UNIVERSITY

CORONAVIRUS -STOP THE SPREAD - CLEAN,DISINFECT,COVER

Bled / (Record no. 125038)

MARC details
000 -LEADER
fixed length control field 00704nam a2200241 a 4500
001 - CONTROL NUMBER
control field 1680859
003 - CONTROL NUMBER IDENTIFIER
control field ARRUPE
005 - DATE AND TIME OF LATEST TRANSACTION
control field 20160816114940.0
008 - FIXED-LENGTH DATA ELEMENTS--GENERAL INFORMATION
fixed length control field 981002s1996 fr 000 0 fre
010 ## - LIBRARY OF CONGRESS CONTROL NUMBER
LC control number 98205434
020 ## - INTERNATIONAL STANDARD BOOK NUMBER
International Standard Book Number 2012352421
035 ## - SYSTEM CONTROL NUMBER
System control number (OCoLC)36215367
040 ## - CATALOGING SOURCE
Original cataloging agency DLC
Transcribing agency DLC
050 00 - LIBRARY OF CONGRESS CALL NUMBER
Classification number PC2267.B80 1998
300 ## - PHYSICAL DESCRIPTION
Dimensions 24 cm.
100 1# - MAIN ENTRY--PERSONAL NAME
Personal name Bled, Edouard.
9 (RLIN) 25146
245 10 - TITLE STATEMENT
Title Bled /
Statement of responsibility, etc Edouard Bled.
260 ## - PUBLICATION, DISTRIBUTION, ETC. (IMPRINT)
Place of publication, distribution, etc [Paris] :
Name of publisher, distributor, etc Hachette,
Date of publication, distribution, etc c1998.
300 ## - PHYSICAL DESCRIPTION
Extent 159p.;
650 ## - SUBJECT ADDED ENTRY--TOPICAL TERM
Topical term or geographic name as entry element French language
General subdivision Grammar
9 (RLIN) 20163
906 ## - LOCAL DATA ELEMENT F, LDF (RLIN)
a 7
b cbc
c orignew
d 4
e ncip
f 19
g y-gencatlg
942 ## - ADDED ENTRY ELEMENTS (KOHA)
Source of classification or shelving scheme Library of Congress Classification
Koha item type Monograph ( Printed materials)
Holdings
Withdrawn status Lost status Source of classification or shelving scheme Damaged status Not for loan Collection code Home library Current library Shelving location Date acquired Total Checkouts Full call number Barcode Date last seen Price effective from Koha item type
    Library of Congress Classification     Main Collection ARRUPE LIBRARY ARRUPE LIBRARY Main Collection 16/08/2016   PC2267.B80 1998 46500008340 27/03/2019 16/08/2016 Monograph ( Printed materials)

 

Arrupe Library. PO Box MP320 Mt Pleasant, Harare, Zimbabwe
263 242 745411|librarian@aju.ac.zw